Vývoj a perspektívy neziskových účtovných jednotiek diplomová práca

Na minha lista:
Detalhes bibliográficos
Autor principal: Rašková, Ľudmila
Autor Corporativo: Fakulta hospodárskej informatiky EU. Katedra účtovníctva a audítorstva
Outros Autores: Kordošová, Alena, 1970-
Formato: Livro
Idioma:eslovaco
Publicado em: Bratislava 2014
Tags: Adicionar Tag
Sem tags, seja o primeiro a adicionar uma tag!

MARC

LEADER 00000nbm a2200000 4500
001 0188734
005 20170201105945.8
041 0 |a slo 
044 |a SK 
245 1 0 |a Vývoj a perspektívy neziskových účtovných jednotiek  |b diplomová práca  |c Ľudmila Rašková ; školiteľ: Alena Kordošová 
264 1 |a Bratislava  |c 2014 
300 |a 73 s. 
100 1 |a Rašková, Ľudmila 
700 1 |a Kordošová, Alena, 1970- 
710 2 |a Fakulta hospodárskej informatiky EU. Katedra účtovníctva a audítorstva